000 00488nam a2200157Ia 4500
008 180910s9999 xx 000 0 und d
100 _aPhilippine Nurses association, INC.
245 _aPhilippine Journal of Nursing /
260 _bPhilippine Nurses association, INC.
260 _c2016
300 _apages 1-72, July-December 2016
440 _aPhilippine Journal of Nursing
_v86:2
650 _aNursing -- Philippines.
650 _aNursing -- research.
650 _aPeriodicals.
999 _c358734
_d358734